Statistics for Trace Adkins Charting Songs (Billboard Hot 100)

Click here to take the quiz!

General Stats

  • This quiz has been taken 4 times
  • The average score is 7 of 20

Answer Stats

AlbumWeeks OnPeakArtist(s)Song% Correct
Hillbilly Bone20 Weeks#40Blake Shelton ft. Trace AdkinsHillbilly Bone
75%
Chrome4 Weeks#74Trace AdkinsChrome
75%
American Man: Greatest Hits Volume II20 Weeks#12Trace AdkinsYou're Gonna Miss This
50%
More...11 Weeks#65Trace AdkinsMore
50%
Dreamin' Out Loud9 Weeks#78Trace AdkinsEvery Light in the House
50%
Comin' On Strong4 Weeks#75Trace AdkinsRough & Ready
50%
Songs About Me20 Weeks#30Trace AdkinsHonky Tonk Badonkadonk
50%
Fully Loaded: God's Country1 Week#99Blake Shelton ft. Trace AdkinsHell Right
50%
Proud To Be Here20 Weeks#61Trace AdkinsJust Fishin'
50%
Songs About Me15 Weeks#59Trace AdkinsSongs About Me
50%
Comin' On Strong14 Weeks#51Trace AdkinsHot Mama
50%
Dangerous Man20 Weeks#61Trace AdkinsLadies Love Country Boys
25%
Dangerous Man10 Weeks#76Trace AdkinsSwing
25%
Greatest Hits Collection, Vol.113 Weeks#52Trace AdkinsThen They Do
0%
Chrome20 Weeks#44Trace AdkinsI'm Tryin'
0%
Chrome4 Weeks#80Trace AdkinsHelp Me Understand
0%
Cowboy's Back in Town6 Weeks#88Trace AdkinsThis Ain't No Love Song
0%
X2 Weeks#95Trace AdkinsAll I Ask For Anymore
0%
X3 Weeks#98Trace AdkinsMarry for Money
0%
Big Time16 Weeks#70Trace AdkinsThe Rest of Mine
0%

Score Distribution

Percentile by Number Answered

Percent of People with Each Score

Your Score History

You have not taken this quiz